|
|
|
|
| LEADER |
01748nam a2200457 i 4500 |
| 001 |
001823230 |
| 003 |
CZ BrMZK |
| 005 |
20220715111717.0 |
| 007 |
ta |
| 008 |
220510s1973 xr f f 000 0 cze |
| 020 |
|
|
|q (Brožováno)
|
| 040 |
|
|
|a BOA001
|b cze
|e rda
|
| 072 |
|
7 |
|a 543
|x Analytická chemie
|2 Konspekt
|9 10
|
| 080 |
|
|
|a 552.55
|2 MRF
|
| 080 |
|
|
|a 543
|2 MRF
|
| 080 |
|
|
|a (072)
|2 MRF
|
| 100 |
1 |
|
|a Weiss, Dalibor
|7 jk01151534
|4 aut
|
| 245 |
1 |
0 |
|a Metody chemické analýzy silikátových hornin /
|c vypracoval: Dalibor Weiss a kolektiv autorů: Ludmila Bouberlová, Miloš Heřman, Miroslav Huka, Dagmar Kučerová, Alena Nová, Milada Pelikánová, Ivan Rubeška, Václav Sixta, Jiří Štícha, Zdeněk Šulcek, Miroslav Veselý
|
| 264 |
|
1 |
|a Praha :
|b Ústřední ústav geologický,
|c 1973
|
| 300 |
|
|
|a 206 listů ;
|c 21 cm
|
| 336 |
|
|
|a text
|b txt
|2 rdacontent
|
| 337 |
|
|
|a bez média
|b n
|2 rdamedia
|
| 338 |
|
|
|a svazek
|b nc
|2 rdacarrier
|
| 650 |
0 |
7 |
|a křemité horniny
|7 ph318965
|2 czenas
|
| 650 |
0 |
7 |
|a chemická analýza
|7 ph114232
|2 czenas
|
| 655 |
|
7 |
|a metodické příručky
|7 fd132826
|2 czenas
|
| 700 |
1 |
|
|a Bouberlová, Ludmila
|7 jk01012764
|4 aut
|
| 700 |
1 |
|
|a Heřman, Miloš
|4 aut
|
| 700 |
1 |
|
|a Huka, Miroslav
|4 aut
|
| 700 |
1 |
|
|a Kučerová, Dagmar
|4 aut
|
| 700 |
1 |
|
|a Nová, Alena
|4 aut
|
| 700 |
1 |
|
|a Pelikánová, Milada
|4 aut
|
| 700 |
1 |
|
|a Rubeška, Ivan,
|d 1931-
|7 jk01102974
|4 aut
|
| 700 |
1 |
|
|a Sixta, Václav
|4 aut
|
| 700 |
1 |
|
|a Štícha, Jiří
|4 aut
|
| 700 |
1 |
|
|a Šulcek, Zdeněk,
|d 1924-
|7 jk01131691
|4 aut
|
| 700 |
1 |
|
|a Veselý, Miroslav
|4 aut
|
| 910 |
|
|
|a BOA001
|b 2-1488.173
|
| 990 |
|
|
|a BK
|
| 991 |
|
|
|b 202207
|
| 996 |
6 |
|
|b 2610905579
|c 2-1488.173
|l MZK
|r Sklad / do 1 hodiny
|n 0
|p dar
|w 001889167
|u 000010
|a 1
|e BOA001
|j MZK50
|s P
|